[Event "Campeonato España Sub 12"]
[Site "Salobreña"]
[Date "2017.07.11"]
[Round "3"]
[White "Santos Burkholz, Mario"]
[Black "Fernandez Estremera, Fernando"]
[Result "0-1"]
[Board "9"]
[WhiteClock "1:30"]
[WhiteElo "1591"]
[WhiteCountry "ESP"]
[WhiteFideId "32099037"]
[WhiteEloChange "-4"]
[BlackClock "1:30"]
[BlackElo "1809"]
[BlackCountry "ESP"]
[BlackFideId "24520152"]
[BlackEloChange "4"]

1. e4 {[%clk 1:30:00]} c5 {[%clk 1:30:00]} 2. Nc3 {[%clk 1:31:00]} e6 {[%clk
1:30:00]} 3. Nf3 {[%clk 1:31:00]} a6 {[%clk 1:31:00]} 4. d4 {[%clk 1:29:00]} cxd4
{[%clk 1:31:00]} 5. Nxd4 {[%clk 1:29:00]} b5 {[%clk 1:31:00]} 6. Be3 {[%clk
1:30:00]} Bb7 {[%clk 1:31:00]} 7. f3 {[%clk 1:30:00]} Nf6 {[%clk 1:29:00]} 8. Qd2
{[%clk 1:28:00]} Be7 {[%clk 1:20:00]} 9. g4 {[%clk 1:27:00]} b4 {[%clk 1:19:00]}
10. Nce2 {[%clk 1:22:00]} d5 {[%clk 1:17:00]} 11. e5 {[%clk 1:21:00]} Nfd7 {[%clk
1:16:00]} 12. f4 {[%clk 1:20:00]} Nc5 {[%clk 1:07:00]} 13. Ng3 {[%clk 1:12:00]}
Nc6 {[%clk 1:04:00]} 14. Bg2 {[%clk 1:04:00]} Rc8 {[%clk 0:58:00]} 15. g5 {[%clk
0:56:00]} Qc7 {[%clk 0:47:00]} 16. Nge2 {[%clk 0:43:00]} Nxd4 {[%clk 0:42:00]}
17. Bxd4 {[%clk 0:40:00]} Ne4 {[%clk 0:40:00]} 18. Bxe4 {[%clk 0:36:00]} dxe4
{[%clk 0:40:00]} 19. Qe3 {[%clk 0:35:00]} Qxc2 {[%clk 0:27:00]} 20. Rc1 {[%clk
0:35:00]} Qd3 {[%clk 0:27:00]} 21. Rxc8+ {[%clk 0:34:00]} Bxc8 {[%clk 0:27:00]}
22. Qxd3 {[%clk 0:33:00]} exd3 {[%clk 0:28:00]} 23. Nc1 {[%clk 0:34:00]} O-O
{[%clk 0:25:00]} 24. Nxd3 {[%clk 0:26:00]} Rd8 {[%clk 0:16:52]} 25. Bc5 {[%clk
0:26:00]} Bxg5 {[%clk 0:15:16]} 26. fxg5 {[%clk 0:26:00]} Rxd3 {[%clk 0:15:40]}
27. Bxb4 {[%clk 0:26:00]} Re3+ {[%clk 0:15:39]} 28. Kf2 {[%clk 0:25:00]} Rxe5
{[%clk 0:15:55]} 29. Rc1 {[%clk 0:25:00]} Bb7 {[%clk 0:07:56]} 30. Rc7 {[%clk
0:25:00]} Rb5 {[%clk 0:07:00]} 31. Rd7 {[%clk 0:24:00]} h6 {[%clk 0:05:17]} 32.
g6 {[%clk 0:18:48]} fxg6 {[%clk 0:01:56]} 33. Bc3 {[%clk 0:17:59]} Rf5+ {[%clk
0:01:56]} 34. Ke3 {[%clk 0:18:23]} Rf7 {[%clk 0:02:16]} 35. Rd8+ {[%clk 0:17:10]}
Kh7 {[%clk 0:02:15]} 36. Rd6 {[%clk 0:16:09]} Re7 {[%clk 0:01:35]} 37. h4 {[%clk
0:15:43]} g5 {[%clk 0:01:15]} 38. hxg5 {[%clk 0:15:42]} hxg5 {[%clk 0:01:32]} 39.
Kf2 {[%clk 0:14:39]} Kg6 {[%clk 0:01:30]} 40. Kg3 {[%clk 0:14:26]} Kf5 {[%clk
0:01:39]} 41. a3 {[%clk 0:13:59]} e5 {[%clk 0:01:41]} 42. Bb4 {[%clk 0:11:10]}
Rc7 {[%clk 0:01:15]} 43. Bc3 {[%clk 0:11:36]} e4 {[%clk 0:01:04]} 44. Kf2 {[%clk
0:10:14]} Re7 {[%clk 0:01:11]} 45. Ke3 {[%clk 0:07:49]} g4 {[%clk 0:01:24]} 46.
Rd1 {[%clk 0:08:11]} Bc6 {[%clk 0:00:57]} 47. Rf1+ {[%clk 0:04:16]} Kg5 {[%clk
0:01:01]} 48. Rf4 {[%clk 0:01:24]} Rd7 {[%clk 0:01:04]} 49. Rf1 {[%clk 0:01:13]}
Rd3+ {[%clk 0:01:21]} 50. Ke2 {[%clk 0:01:41]} Rxc3 {[%clk 0:00:42]} 51. bxc3
{[%clk 0:02:07]} Bb5+ {[%clk 0:01:11]} 52. Kf2 {[%clk 0:02:02]} Bxf1 {[%clk
0:01:38]} 53. Kxf1 {[%clk 0:02:27]} Kf4 {[%clk 0:02:02]} 54. Kf2 {[%clk 0:00:37]}
e3+ {[%clk 0:02:19]} 55. Kf1 {[%clk 0:00:35]} Kf3 {[%clk 0:02:35]} 56. c4 {[%clk
0:00:52]} g3 {[%clk 0:02:45]} 57. c5 {[%clk 0:01:13]} e2+ {[%clk 0:02:54]} 58.
Ke1 {[%clk 0:01:20]} g2 {[%clk 0:03:22]} 59. c6 {[%clk 0:01:35]} g1Q+ {[%clk
0:03:42]} 60. Kd2 {[%clk 0:01:55]} e1Q+ {[%clk 0:03:42]} 0-1

[Event "Campeonato España Sub 12"]
[Site "Salobreña"]
[Date "2017.07.11"]
[Round "3"]
[White "Tadevosyan, Aspet"]
[Black "Llamas Martinez, Pablo"]
[Result "1-0"]
[Board "10"]
[WhiteClock "1:30"]
[WhiteElo "1786"]
[WhiteCountry "ESP"]
[WhiteFideId "24526134"]
[WhiteEloChange "3"]
[BlackClock "1:30"]
[BlackElo "1453"]
[BlackCountry "ESP"]
[BlackFideId "24544582"]
[BlackEloChange "-3"]

1. d4 {[%clk 1:30:00]} Nf6 {[%clk 1:30:00]} 2. c4 {[%clk 1:31:00]} g6 {[%clk
1:30:00]} 3. Nc3 {[%clk 1:31:00]} Bg7 {[%clk 1:29:00]} 4. e4 {[%clk 1:32:00]} d6
{[%clk 1:29:00]} 5. Be2 {[%clk 1:32:00]} O-O {[%clk 1:29:00]} 6. Nf3 {[%clk
1:32:00]} Nbd7 {[%clk 1:23:00]} 7. O-O {[%clk 1:29:00]} c5 {[%clk 1:17:00]} 8. d5
{[%clk 1:24:00]} Ng4 {[%clk 1:14:00]} 9. h3 {[%clk 1:17:00]} Nge5 {[%clk
1:14:00]} 10. Be3 {[%clk 1:16:00]} b6 {[%clk 1:11:00]} 11. Nd2 {[%clk 1:11:00]}
Nf6 {[%clk 1:01:00]} 12. f4 {[%clk 1:01:00]} Ned7 {[%clk 1:01:00]} 13. Nf3 {[%clk
1:01:00]} Nh5 {[%clk 0:53:00]} 14. Kh2 {[%clk 1:00:00]} Qc7 {[%clk 0:49:00]} 15.
g4 {[%clk 0:49:00]} Bxc3 {[%clk 0:43:00]} 16. bxc3 {[%clk 0:48:00]} Ng7 {[%clk
0:37:00]} 17. Bd3 {[%clk 0:45:00]} f5 {[%clk 0:30:00]} 18. gxf5 {[%clk 0:37:00]}
gxf5 {[%clk 0:30:00]} 19. exf5 {[%clk 0:37:00]} Nxf5 {[%clk 0:29:00]} 20. Bxf5
{[%clk 0:34:00]} Rxf5 {[%clk 0:30:00]} 21. Qc2 {[%clk 0:34:00]} Nf6 {[%clk
0:28:00]} 22. Rg1+ {[%clk 0:34:00]} Kh8 {[%clk 0:27:00]} 23. Ng5 {[%clk 0:33:00]}
Nh5 {[%clk 0:20:00]} 24. Qxf5 {[%clk 0:33:00]} 1-0

[Event "Campeonato España Sub 12"]
[Site "Salobreña"]
[Date "2017.07.11"]
[Round "3"]
[White "Conde Riveiro, Xacobe"]
[Black "Badillo Ramos, Steve"]
[Result "0-1"]
[Board "11"]
[WhiteClock "n/a"]
[WhiteElo "1451"]
[WhiteCountry "ESP"]
[WhiteFideId "24545147"]
[WhiteEloChange "-2"]
[BlackClock "n/a"]
[BlackElo "1802"]
[BlackCountry "ESP"]
[BlackFideId "24526150"]
[BlackEloChange "2"]

1. e4 {[%clk 1:30:30]} c5 {[%clk 1:30:30]} 2. d4 {[%clk 1:30:30]} cxd4 {[%clk
1:30:30]} 3. c3 {[%clk 1:30:30]} dxc3 {[%clk 1:30:30]} 4. Nxc3 {[%clk 1:30:30]}
Nc6 {[%clk 1:30:30]} 5. Nf3 {[%clk 1:30:30]} e6 {[%clk 1:30:30]} 6. Bc4 {[%clk
1:30:30]} Bb4 {[%clk 1:30:30]} 7. O-O {[%clk 1:30:30]} Nge7 {[%clk 1:30:30]} 8.
Bf4 {[%clk 1:30:30]} O-O {[%clk 1:30:30]} 9. Nb5 {[%clk 1:30:30]} Ng6 {[%clk
1:30:30]} 10. Nc3 {[%clk 1:30:30]} Nge7 {[%clk 1:30:30]} 11. Nb5 {[%clk 1:30:30]}
Ng6 {[%clk 1:30:30]} 12. Bd6 {[%clk 1:30:30]} Bxd6 {[%clk 1:30:30]} 13. Qxd6
{[%clk 1:30:30]} a6 {[%clk 1:30:30]} 14. Nbd4 {[%clk 1:30:30]} Nxd4 {[%clk
1:30:30]} 15. Nxd4 {[%clk 1:30:30]} b5 {[%clk 1:30:30]} 16. Be2 {[%clk 1:30:30]}
Bb7 {[%clk 1:30:30]} 17. e5 {[%clk 1:30:30]} Nf4 {[%clk 1:30:30]} 18. Bf3 {[%clk
1:30:30]} Bxf3 {[%clk 1:30:30]} 19. Nxf3 {[%clk 1:30:30]} f6 {[%clk 1:30:30]} 20.
Rfd1 {[%clk 1:30:30]} Nd5 {[%clk 1:30:30]} 21. exf6 {[%clk 1:30:30]} Qxf6 {[%clk
1:30:30]} 22. Qxd7 {[%clk 1:30:30]} Nf4 {[%clk 1:30:30]} 23. Kh1 {[%clk 1:30:30]}
Nxg2 {[%clk 1:30:30]} 24. Kxg2 {[%clk 1:30:30]} Qxf3+ {[%clk 1:30:30]} 25. Kg1
{[%clk 1:30:30]} Qxf2+ {[%clk 1:30:30]} 26. Kh1 {[%clk 1:30:30]} Qf3+ {[%clk
1:30:30]} 27. Kg1 {[%clk 1:30:30]} Qg4+ {[%clk 1:30:30]} 28. Kh1 {[%clk 1:30:30]}
Qe4+ {[%clk 1:30:30]} 29. Kg1 {[%clk 1:30:30]} Rf6 {[%clk 1:30:30]} 30. Re1
{[%clk 1:30:30]} Rg6+ {[%clk 1:30:30]} 0-1

[Event "Campeonato España Sub 12"]
[Site "Salobreña"]
[Date "2017.07.11"]
[Round "3"]
[White "Aguado Doncel, Pablo Luis"]
[Black "Cervello Navarro, Hector"]
[Result "1-0"]
[Board "12"]
[WhiteClock "1:30"]
[WhiteElo "1766"]
[WhiteCountry "ESP"]
[WhiteFideId "24538256"]
[WhiteEloChange "3"]
[BlackClock "1:30"]
[BlackElo "1434"]
[BlackCountry "ESP"]
[BlackFideId "24585181"]
[BlackEloChange "-3"]

1. d4 {[%clk 1:30:00]} Nf6 {[%clk 1:30:00]} 2. Nf3 {[%clk 1:31:00]} g6 {[%clk
1:31:00]} 3. c4 {[%clk 1:31:00]} Bg7 {[%clk 1:31:00]} 4. Nc3 {[%clk 1:31:00]} d5
{[%clk 1:32:00]} 5. cxd5 {[%clk 1:32:00]} Nxd5 {[%clk 1:32:00]} 6. e4 {[%clk
1:32:00]} Nxc3 {[%clk 1:33:00]} 7. bxc3 {[%clk 1:32:00]} c5 {[%clk 1:33:00]} 8.
Bb5+ {[%clk 1:30:00]} Bd7 {[%clk 1:26:00]} 9. Bxd7+ {[%clk 1:29:00]} Qxd7 {[%clk
1:26:00]} 10. Be3 {[%clk 1:30:00]} Nc6 {[%clk 1:24:00]} 11. Qd2 {[%clk 1:29:00]}
cxd4 {[%clk 1:17:00]} 12. cxd4 {[%clk 1:28:00]} Qg4 {[%clk 1:15:00]} 13. O-O
{[%clk 1:26:00]} Qxe4 {[%clk 1:13:00]} 14. Rfe1 {[%clk 1:18:00]} Qd5 {[%clk
1:12:00]} 15. Rac1 {[%clk 1:16:00]} O-O {[%clk 1:12:00]} 16. Rc5 {[%clk 1:16:00]}
Qd7 {[%clk 1:10:00]} 17. d5 {[%clk 1:02:00]} Ne5 {[%clk 0:47:00]} 18. Nxe5 {[%clk
1:01:00]} Bxe5 {[%clk 0:46:00]} 19. Bh6 {[%clk 1:01:00]} Bxh2+ {[%clk 0:33:00]}
20. Kxh2 {[%clk 1:01:00]} Qd6+ {[%clk 0:34:00]} 21. Kg1 {[%clk 0:57:00]} Qxc5
{[%clk 0:34:00]} 22. Qb2 {[%clk 0:56:00]} f6 {[%clk 0:34:00]} 23. Bxf8 {[%clk
0:57:00]} Rxf8 {[%clk 0:34:00]} 24. Qxb7 {[%clk 0:57:00]} Rf7 {[%clk 0:34:00]}
25. Qc6 {[%clk 0:52:00]} Qxc6 {[%clk 0:19:15]} 26. dxc6 {[%clk 0:52:00]} e5
{[%clk 0:19:42]} 27. Rb1 {[%clk 0:52:00]} Rc7 {[%clk 0:20:00]} 28. Rb8+ {[%clk
0:52:00]} 1-0

[Event "Campeonato España Sub 12"]
[Site "Salobreña"]
[Date "2017.07.11"]
[Round "3"]
[White "Tabuenca Mendataurigoitia, Pedro"]
[Black "Lopez Varela, Pablo"]
[Result "0-1"]
[Board "13"]
[WhiteClock "1:30"]
[WhiteElo "1451"]
[WhiteCountry "ESP"]
[WhiteFideId "24515167"]
[WhiteEloChange "-3"]
[BlackClock "1:30"]
[BlackElo "1724"]
[BlackCountry "ESP"]
[BlackFideId "32092105"]
[BlackEloChange "3"]

1. e4 {[%clk 1:30:00]} e5 {[%clk 1:30:00]} 2. Nf3 {[%clk 1:31:00]} d6 {[%clk
1:31:00]} 3. d4 {[%clk 1:31:00]} exd4 {[%clk 1:31:00]} 4. Nxd4 {[%clk 1:32:00]}
Nf6 {[%clk 1:32:00]} 5. Nc3 {[%clk 1:32:00]} Be7 {[%clk 1:32:00]} 6. Be2 {[%clk
1:31:00]} O-O {[%clk 1:32:00]} 7. O-O {[%clk 1:31:00]} Re8 {[%clk 1:32:00]} 8.
Be3 {[%clk 1:21:00]} Bf8 {[%clk 1:30:00]} 9. f3 {[%clk 1:21:00]} d5 {[%clk
1:30:00]} 10. Bd3 {[%clk 1:21:00]} c5 {[%clk 1:30:00]} 11. Ndb5 {[%clk 1:21:00]}
a6 {[%clk 1:30:00]} 12. Bf4 {[%clk 1:21:00]} axb5 {[%clk 1:30:00]} 13. Nxb5
{[%clk 1:21:00]} Na6 {[%clk 1:30:00]} 14. exd5 {[%clk 1:21:00]} Nxd5 {[%clk
1:30:00]} 15. Bg3 {[%clk 1:21:00]} Ne3 {[%clk 1:30:00]} 16. Qc1 {[%clk 1:21:00]}
Nxf1 {[%clk 1:30:00]} 17. Qxf1 {[%clk 1:21:00]} Qf6 {[%clk 1:30:00]} 18. Re1
{[%clk 1:21:00]} Rxe1 {[%clk 1:30:00]} 19. Bxe1 {[%clk 1:21:00]} Bf5 {[%clk
1:30:00]} 20. Bc3 {[%clk 1:21:00]} Qg6 {[%clk 1:30:00]} 21. Bxf5 {[%clk 1:21:00]}
Qxf5 {[%clk 1:30:00]} 22. Qe2 {[%clk 1:21:00]} Rd8 {[%clk 1:30:00]} 23. Ba5
{[%clk 1:21:00]} Rd7 {[%clk 1:30:00]} 24. Bc3 {[%clk 1:21:00]} Nb4 {[%clk
1:30:00]} 25. Qe8 {[%clk 1:21:00]} Rd1+ {[%clk 1:30:00]} 26. Kf2 {[%clk 1:21:00]}
Qxc2+ {[%clk 1:30:00]} 27. Kg3 {[%clk 1:21:00]} Rg1 {[%clk 1:30:00]} 28. Nd6
{[%clk 1:21:00]} Qg6+ {[%clk 1:30:00]} 29. Kh4 {[%clk 1:21:00]} Qxd6 {[%clk
1:30:00]} 30. Qe3 {[%clk 1:21:00]} Qxh2+ {[%clk 1:30:00]} 31. Kg4 {[%clk
1:21:00]} Qxg2+ {[%clk 1:30:00]} 32. Kf5 {[%clk 1:21:00]} Qg6+ {[%clk 1:30:00]}
33. Kf4 {[%clk 1:21:00]} Nd5+ {[%clk 1:30:00]} 0-1

[Event "Campeonato España Sub 12"]
[Site "Salobreña"]
[Date "2017.07.11"]
[Round "3"]
[White "Abrisqueta Zudaire, Ines"]
[Black "Mendoza Barcia, Pedro"]
[Result "0-1"]
[Board "14"]
[WhiteClock "1:30"]
[WhiteElo "1147"]
[WhiteCountry "ESP"]
[WhiteFideId "24516376"]
[WhiteEloChange "-2"]
[BlackClock "1:30"]
[BlackElo "1743"]
[BlackCountry "ESP"]
[BlackFideId "32055641"]
[BlackEloChange "2"]

1. d4 {[%clk 1:30:00]} d5 {[%clk 1:30:00]} 2. Nf3 {[%clk 1:31:00]} Nf6 {[%clk
1:31:00]} 3. e3 {[%clk 1:31:00]} e6 {[%clk 1:31:00]} 4. Bd3 {[%clk 1:31:00]} Nbd7
{[%clk 1:31:00]} 5. Nbd2 {[%clk 1:30:00]} c5 {[%clk 1:31:00]} 6. c3 {[%clk
1:30:00]} Be7 {[%clk 1:32:00]} 7. O-O {[%clk 1:30:00]} O-O {[%clk 1:32:00]} 8.
Qe2 {[%clk 1:29:00]} b6 {[%clk 1:30:00]} 9. e4 {[%clk 1:24:00]} dxe4 {[%clk
1:25:00]} 10. Nxe4 {[%clk 1:24:00]} Bb7 {[%clk 1:25:00]} 11. Nxf6+ {[%clk
1:23:00]} Nxf6 {[%clk 1:25:00]} 12. Rd1 {[%clk 1:21:00]} Qc7 {[%clk 1:26:00]} 13.
Bc2 {[%clk 1:13:00]} Rac8 {[%clk 1:23:00]} 14. Bg5 {[%clk 1:10:00]} Rfe8 {[%clk
1:11:00]} 15. Qe5 {[%clk 1:02:00]} Bd6 {[%clk 0:47:00]} 16. Qe2 {[%clk 1:01:00]}
Nd7 {[%clk 0:40:00]} 17. Qd3 {[%clk 0:54:00]} Nf8 {[%clk 0:40:00]} 18. Qe3 {[%clk
0:46:00]} cxd4 {[%clk 0:39:00]} 19. Nxd4 {[%clk 0:45:00]} Bxh2+ {[%clk 0:38:00]}
20. Kh1 {[%clk 0:45:00]} Be5 {[%clk 0:34:00]} 21. Nb5 {[%clk 0:45:00]} Qc6 {[%clk
0:35:00]} 22. f3 {[%clk 0:44:00]} Qxb5 {[%clk 0:35:00]} 23. Rab1 {[%clk 0:42:00]}
Qc5 {[%clk 0:33:00]} 24. Qxc5 {[%clk 0:41:00]} Rxc5 {[%clk 0:32:00]} 25. Be3
{[%clk 0:40:00]} Rd5 {[%clk 0:32:00]} 26. Re1 {[%clk 0:40:00]} Bg3 {[%clk
0:28:00]} 27. Re2 {[%clk 0:39:00]} Re5 {[%clk 0:28:00]} 28. Bd3 {[%clk 0:39:00]}
Rd8 {[%clk 0:28:00]} 29. Bd4 {[%clk 0:39:00]} Rxe2 {[%clk 0:28:00]} 30. Bxe2
{[%clk 0:39:00]} e5 {[%clk 0:28:00]} 31. Be3 {[%clk 0:39:00]} Ne6 {[%clk
0:28:00]} 32. b4 {[%clk 0:38:00]} Bf4 {[%clk 0:28:00]} 33. Bxf4 {[%clk 0:39:00]}
Nxf4 {[%clk 0:29:00]} 34. Bc4 {[%clk 0:39:00]} Kf8 {[%clk 0:27:00]} 35. a4 {[%clk
0:39:00]} Rc8 {[%clk 0:28:00]} 36. Bb5 {[%clk 0:39:00]} Rxc3 {[%clk 0:27:00]} 37.
a5 {[%clk 0:39:00]} a6 {[%clk 0:27:00]} 38. Bf1 {[%clk 0:40:00]} b5 {[%clk
0:27:00]} 39. Kh2 {[%clk 0:39:00]} Bd5 {[%clk 0:26:00]} 40. Kg3 {[%clk 0:39:00]}
Bc4 {[%clk 0:26:00]} 41. Bxc4 {[%clk 0:40:00]} Rxc4 {[%clk 0:27:00]} 42. Kg4
{[%clk 0:40:00]} Nd3+ {[%clk 0:26:00]} 43. Kf5 {[%clk 0:39:00]} Rf4+ {[%clk
0:26:00]} 44. Kg5 {[%clk 0:40:00]} f6+ {[%clk 0:27:00]} 45. Kh5 {[%clk 0:40:00]}
g6+ {[%clk 0:25:00]} 46. Kh6 {[%clk 0:40:00]} Rh4# {[%clk 0:25:00]} 0-1

[Event "Campeonato España Sub 12"]
[Site "Salobreña"]
[Date "2017.07.11"]
[Round "3"]
[White "Diaz Reyes, Franklin"]
[Black "Garrido Outon, Alex"]
[Result "0-1"]
[Board "15"]
[WhiteClock "1:30"]
[WhiteElo "1487"]
[WhiteCountry "ESP"]
[WhiteFideId "24516759"]
[WhiteEloChange "-2"]
[BlackClock "1:30"]
[BlackElo "2074"]
[BlackCountry "ESP"]
[BlackFideId "24516279"]
[BlackEloChange "2"]

1. e4 {[%clk 1:30:00]} e5 {[%clk 1:30:00]} 2. Nf3 {[%clk 1:31:00]} Nc6 {[%clk
1:31:00]} 3. d4 {[%clk 1:31:00]} exd4 {[%clk 1:31:00]} 4. Nxd4 {[%clk 1:32:00]}
Bc5 {[%clk 1:31:00]} 5. Be3 {[%clk 1:32:00]} Qf6 {[%clk 1:30:00]} 6. c3 {[%clk
1:32:00]} Nge7 {[%clk 1:30:00]} 7. Bc4 {[%clk 1:31:00]} Ne5 {[%clk 1:30:00]} 8.
Be2 {[%clk 1:30:00]} O-O {[%clk 1:25:00]} 9. O-O {[%clk 1:29:00]} d5 {[%clk
1:09:00]} 10. Nd2 {[%clk 1:10:00]} Qg6 {[%clk 0:58:00]} 11. f3 {[%clk 1:02:00]}
Bh3 {[%clk 0:43:00]} 12. Rf2 {[%clk 1:00:00]} dxe4 {[%clk 0:38:00]} 13. Nxe4
{[%clk 0:58:00]} Bb6 {[%clk 0:34:00]} 14. Nc2 {[%clk 0:48:00]} f5 {[%clk
0:29:00]} 15. Nd2 {[%clk 0:35:00]} f4 {[%clk 0:19:15]} 16. Bxb6 {[%clk 0:34:00]}
axb6 {[%clk 0:19:42]} 17. Nc4 {[%clk 0:30:00]} Rad8 {[%clk 0:15:39]} 18. Qe1
{[%clk 0:29:00]} N5c6 {[%clk 0:14:19]} 19. Bf1 {[%clk 0:20:00]} Rf5 {[%clk
0:11:18]} 20. Rd1 {[%clk 0:19:22]} Rxd1 {[%clk 0:11:15]} 21. Qxd1 {[%clk
0:19:38]} b5 {[%clk 0:10:47]} 22. N4a3 {[%clk 0:19:05]} Rd5 {[%clk 0:09:41]} 23.
Rd2 {[%clk 0:18:02]} Rg5 {[%clk 0:08:15]} 24. Nxb5 {[%clk 0:17:29]} Bxg2 {[%clk
0:06:34]} 25. Rxg2 {[%clk 0:17:34]} Nf5 {[%clk 0:06:16]} 26. Qe2 {[%clk 0:10:54]}
Nh4 {[%clk 0:05:43]} 27. Rxg5 {[%clk 0:10:59]} Qxg5+ {[%clk 0:06:12]} 28. Kf2
{[%clk 0:11:15]} Ne5 {[%clk 0:05:55]} 29. Ncd4 {[%clk 0:07:29]} c5 {[%clk
0:05:44]} 30. Ne6 {[%clk 0:07:09]} Qf6 {[%clk 0:06:13]} 31. Nxc5 {[%clk 0:05:23]}
Nhxf3 {[%clk 0:06:29]} 32. Bg2 {[%clk 0:00:33]} Qh4+ {[%clk 0:06:31]} 33. Kf1
{[%clk 0:00:57]} Nxh2+ {[%clk 0:06:34]} 34. Kg1 {[%clk 0:01:15]} f3 {[%clk
0:06:35]} 35. Qxe5 {[%clk 0:00:32]} f2+ {[%clk 0:06:49]} 36. Kh1 {[%clk 0:00:55]}
Nf3+ {[%clk 0:06:49]} 0-1

[Event "Campeonato España Sub 12"]
[Site "Salobreña"]
[Date "2017.07.11"]
[Round "3"]
[White "Perez Guerra, Raul"]
[Black "Vara Soler, Luis"]
[Result "0-1"]
[Board "16"]
[WhiteClock "1:30"]
[WhiteElo "1951"]
[WhiteCountry "ESP"]
[WhiteFideId "32078188"]
[WhiteEloChange "-18"]
[BlackClock "1:30"]
[BlackElo "1489"]
[BlackCountry "ESP"]
[BlackFideId "24560936"]
[BlackEloChange "18"]

1. e4 {[%clk 1:30:00]} e5 {[%clk 1:30:00]} 2. Nf3 {[%clk 1:31:00]} Nc6 {[%clk
1:31:00]} 3. Bc4 {[%clk 1:30:00]} Bc5 {[%clk 1:31:00]} 4. O-O {[%clk 1:29:00]}
Nf6 {[%clk 1:31:00]} 5. d3 {[%clk 1:30:00]} d6 {[%clk 1:31:00]} 6. c3 {[%clk
1:29:00]} O-O {[%clk 1:31:00]} 7. Nbd2 {[%clk 1:29:00]} a6 {[%clk 1:30:00]} 8.
Bb3 {[%clk 1:29:00]} Ba7 {[%clk 1:29:00]} 9. Re1 {[%clk 1:29:00]} h6 {[%clk
1:27:00]} 10. Nf1 {[%clk 1:28:00]} Nh5 {[%clk 1:12:00]} 11. Ne3 {[%clk 1:10:00]}
Nf4 {[%clk 1:04:00]} 12. g3 {[%clk 1:01:00]} Ng6 {[%clk 0:52:00]} 13. Nf5 {[%clk
0:54:00]} Be6 {[%clk 0:41:00]} 14. h4 {[%clk 0:47:00]} Nge7 {[%clk 0:29:00]} 15.
Ne3 {[%clk 0:45:00]} Bxb3 {[%clk 0:27:00]} 16. Qxb3 {[%clk 0:42:00]} Qd7 {[%clk
0:26:00]} 17. Kg2 {[%clk 0:41:00]} Kh8 {[%clk 0:16:47]} 18. h5 {[%clk 0:40:00]}
Qe6 {[%clk 0:09:15]} 19. Nd5 {[%clk 0:29:00]} Qc8 {[%clk 0:01:54]} 20. Nxe7
{[%clk 0:25:00]} Nxe7 {[%clk 0:02:21]} 21. d4 {[%clk 0:26:00]} Nc6 {[%clk
0:01:58]} 22. Be3 {[%clk 0:17:45]} exd4 {[%clk 0:01:20]} 23. cxd4 {[%clk
0:18:03]} Qd7 {[%clk 0:00:52]} 24. d5 {[%clk 0:17:07]} Nd8 {[%clk 0:00:46]} 25.
Rac1 {[%clk 0:16:47]} Bxe3 {[%clk 0:00:55]} 26. Rxe3 {[%clk 0:17:00]} Rc8 {[%clk
0:00:44]} 27. Nd4 {[%clk 0:12:58]} c5 {[%clk 0:00:41]} 28. dxc6 {[%clk 0:13:12]}
Nxc6 {[%clk 0:01:03]} 29. Nf5 {[%clk 0:13:23]} Ne7 {[%clk 0:00:52]} 30. Rxc8
{[%clk 0:13:17]} Nxc8 {[%clk 0:01:01]} 31. Qc3 {[%clk 0:13:34]} f6 {[%clk
0:00:50]} 32. Qd4 {[%clk 0:13:00]} Re8 {[%clk 0:00:42]} 33. Qd5 {[%clk 0:10:03]}
Re5 {[%clk 0:00:45]} 34. Qd4 {[%clk 0:09:46]} Re8 {[%clk 0:01:06]} 35. f3 {[%clk
0:07:25]} Re6 {[%clk 0:00:51]} 36. Rc3 {[%clk 0:06:41]} Ne7 {[%clk 0:00:45]} 37.
Ne3 {[%clk 0:05:34]} Nc6 {[%clk 0:00:51]} 38. Qb6 {[%clk 0:05:58]} Re5 {[%clk
0:00:54]} 39. Nd5 {[%clk 0:05:21]} Rxh5 {[%clk 0:01:06]} 40. g4 {[%clk 0:04:51]}
Rg5 {[%clk 0:00:52]} 41. Rb3 {[%clk 0:03:13]} Rxg4+ {[%clk 0:00:42]} 42. fxg4
{[%clk 0:03:23]} Qxg4+ {[%clk 0:01:10]} 43. Kf2 {[%clk 0:03:26]} Qh4+ {[%clk
0:01:25]} 44. Ke3 {[%clk 0:02:28]} Qe1+ {[%clk 0:01:34]} 45. Kf4 {[%clk 0:01:00]}
Qh4+ {[%clk 0:01:31]} 46. Ke3 {[%clk 0:00:42]} Qe1+ {[%clk 0:01:41]} 47. Kf4
{[%clk 0:00:45]} Qh4+ {[%clk 0:02:05]} 48. Kf3 {[%clk 0:01:01]} Ne5+ {[%clk
0:02:18]} 49. Ke2 {[%clk 0:01:24]} Qxe4+ {[%clk 0:02:34]} 50. Ne3 {[%clk
0:01:48]} Qf3+ {[%clk 0:02:44]} 51. Kd2 {[%clk 0:00:59]} Qf2+ {[%clk 0:02:54]}
52. Kc3 {[%clk 0:01:23]} Qe1+ {[%clk 0:02:46]} 53. Kd4 {[%clk 0:01:40]} Qd2+
{[%clk 0:02:12]} 54. Ke4 {[%clk 0:02:02]} d5+ {[%clk 0:02:06]} 55. Kf5 {[%clk
0:02:30]} d4 {[%clk 0:00:35]} 56. Nd5 {[%clk 0:01:50]} Qg5+ {[%clk 0:00:42]} 57.
Ke6 {[%clk 0:02:18]} Qg4+ {[%clk 0:01:01]} 58. Kd6 {[%clk 0:01:47]} Nc4+ {[%clk
0:01:26]} 59. Kc5 {[%clk 0:01:28]} Nxb6 {[%clk 0:01:50]} 60. Rxb6 {[%clk
0:01:53]} d3 {[%clk 0:01:47]} 61. Nc3 {[%clk 0:02:18]} Qg1+ {[%clk 0:01:47]} 0-1

[Event "Campeonato España Sub 12"]
[Site "Salobreña"]
[Date "2017.07.11"]
[Round "3"]
[White "Garrido Diaz, Jose Antonio"]
[Black "Jimenez Munoz, Nicolas"]
[Result "1/2-1/2"]
[Board "17"]
[WhiteClock "1:30"]
[WhiteElo "1571"]
[WhiteCountry "ESP"]
[WhiteFideId "24516252"]
[WhiteEloChange "4"]
[BlackClock "1:30"]
[BlackElo "1709"]
[BlackCountry "ESP"]
[BlackFideId "32092172"]
[BlackEloChange "-4"]

1. e4 {[%clk 1:30:00]} d5 {[%clk 1:30:00]} 2. exd5 {[%clk 1:30:00]} Qxd5 {[%clk
1:31:00]} 3. Nc3 {[%clk 1:29:00]} Qd6 {[%clk 1:31:00]} 4. d4 {[%clk 1:29:00]} Nf6
{[%clk 1:31:00]} 5. Bd3 {[%clk 1:28:00]} Nc6 {[%clk 1:31:00]} 6. Nb5 {[%clk
1:26:00]} Qd8 {[%clk 1:27:00]} 7. Ne2 {[%clk 1:24:00]} a6 {[%clk 1:26:00]} 8.
Nbc3 {[%clk 1:23:00]} e5 {[%clk 1:20:00]} 9. Be3 {[%clk 1:20:00]} Be6 {[%clk
1:12:00]} 10. dxe5 {[%clk 1:17:00]} Nxe5 {[%clk 1:12:00]} 11. Nf4 {[%clk
1:17:00]} Nxd3+ {[%clk 1:09:00]} 12. Qxd3 {[%clk 1:17:00]} Qxd3 {[%clk 1:09:00]}
13. Nxd3 {[%clk 1:17:00]} Bd6 {[%clk 0:54:00]} 14. O-O-O {[%clk 1:14:00]} O-O-O
{[%clk 0:54:00]} 15. f3 {[%clk 1:13:00]} Rhe8 {[%clk 0:53:00]} 16. Bf4 {[%clk
1:12:00]} Bf5 {[%clk 0:46:00]} 17. Bxd6 {[%clk 1:10:00]} Rxd6 {[%clk 0:46:00]}
18. Nb4 {[%clk 1:04:00]} Red8 {[%clk 0:43:00]} 19. Rxd6 {[%clk 1:04:00]} Rxd6
{[%clk 0:43:00]} 20. Rd1 {[%clk 1:02:00]} Rxd1+ {[%clk 0:40:00]} 21. Kxd1 {[%clk
1:03:00]} a5 {[%clk 0:40:00]} 22. Nbd5 {[%clk 1:02:00]} Nxd5 {[%clk 0:39:00]} 23.
Nxd5 {[%clk 1:02:00]} Be6 {[%clk 0:40:00]} 24. Nc3 {[%clk 1:00:00]} b6 {[%clk
0:39:00]} 25. a3 {[%clk 0:59:00]} h6 {[%clk 0:34:00]} 26. f4 {[%clk 0:57:00]} Bf5
{[%clk 0:30:00]} 27. Kd2 {[%clk 0:56:00]} Kd7 {[%clk 0:29:00]} 28. Ne2 {[%clk
0:54:00]} Be4 {[%clk 0:24:00]} 29. g3 {[%clk 0:53:00]} c5 {[%clk 0:24:00]} 30.
Nc3 {[%clk 0:52:00]} Bc6 {[%clk 0:24:00]} 31. Ke3 {[%clk 0:52:00]} Ke6 {[%clk
0:24:00]} 32. g4 {[%clk 0:50:00]} g6 {[%clk 0:23:00]} 33. h4 {[%clk 0:50:00]}
1/2-1/2